| 000 | 00524nam a2200205Ia 4500 | ||
|---|---|---|---|
| 008 | 170203s9999 xx 000 0 und d | ||
| 020 | _a0-439352541 | ||
| 050 | _aFic | ||
| 050 | _b.C287t 1998 | ||
| 100 | _aCarpenter, Stephen | ||
| 245 | 4 | _aThe Three Billy Goats Gruff / | |
| 245 | _c[retold and] pictures by Stephen Carpenter. | ||
| 260 | _aNew York : | ||
| 260 | _bScholastic Inc., | ||
| 260 | _c1998 | ||
| 300 | _bcol. ill. ; | ||
| 300 | _c23 cm. | ||
| 650 | _aFairy tales. | ||
| 650 | _aFolklore--Norway. | ||
| 999 |
_c306002 _d306002 |
||